Namen von Schweizer Städten und Gemeinden - Wörterquiz - Statistiken

Allgemein
  • Dieses Quiz wurde 130 mal gespielt
  • Das Durchschnittsergebnis liegt bei 15 aus 32
Antwortstatistiken
Hinweis 1 + Hinweis 2 + Hinweis 3 Kanton Stadt / Gemeinde % Korrekt
Liebe mit den Lippen zeigen + nicht Tag + --- SZ Küssnacht
91%
weibliches Geschlecht + grosse Wiese + --- TG Frauenfeld
88%
kalte Jahreszeit + Rundgang, Rundreise + --- ZH Winterthur
87%
beste Schulnote in Deutschland + sich an einem bestimmten Ort niederlassen, um dort ein neuen Zuhause zu schaffen + --- SZ Einsiedeln
81%
Gebäude für einen christlichen Gottesdienst + grösser als ein Hügel + --- SG Kirchberg
81%
kleiner Parasit (i.d.R. auf der Kopfhaut) + Vorname eines Mädchens, dass durch ihr Tagebuch berühmt wurde + --- VD Lausanne
81%
nicht alt + mittelalterliche Befestigung + --- NE Neuenburg
78%
alkoholisches Getränk aus Trauben + grosse Wiese (Mz.) + --- TG Weinfelden
78%
Wasser vom Himmel + kleinere Siedlung + --- ZH Regensdorf
77%
(franz.) "auf" + grösseres Gewässer + --- LU Sursee
72%
Fussballverein aus Mailand + eine Auflage für Matratzen + --- BE Interlaken
70%
einzeln, alleine + sportliche Betätigung + --- SO Solothurn
67%
(umgangsspr.) Toilette + (engl.) Zehn + --- ZH Kloten
52%
Gegenteil von "unter" + rutschig, eisig + --- ZH Oberglatt
42%
nicht warm + Wasserquelle + --- SG Kaltbrunn
38%
(engl.) sie + (engl.) ich + abwertende Beleidigung, Schwein AR Herisau
36%
wohlhabende Personen + mittelalterliche Befestigung + --- SZ Reichenburg
35%
grosses Meeressäugetier + grössere Siedlung + --- SG Walenstadt
35%
Edelmetall + Ausdruck des (ironischen) Bedauerns + --- SG Goldach
34%
Knochen des Unterarms + mathematisches Symbol für "Radius" + --- AR Speicher
33%
Behaarung eines Tieres + südamerikanische Bergkette + --- ZH Fällanden
30%
Ausdruck des Schmerzes + kleinere Siedlung + --- TG Aadorf
26%
Schwimmvogel mit kurzem Hals + gebundene Sammlung aus bedrucktem Papier + --- LU Entlebuch
26%
längster Fluss der Schweiz + Ort, wo zwei Linien (oder Kanten) aufeinandertreffen + --- SG Rheineck
25%
"sein" (Präsens, 1. Pers. Sing.) + (umgangsspr.) sehr in Mode, von vielen begehrt + Abschnitt auf der DNA, der die Information zur Herstellung einer RNA enthält BL Binningen
24%
Angehörige der Bevölkerung eines Landes, eines Staates + Name eines ausserirdischen Wesens, Film von 1982 + Kurzform des Namens "Wilhelm" ZH Volketswil
18%
tägliche Runde, Tour + aus mehreren Wörtern bestehende sprachliche Einheit + --- BE Kehrsatz
16%
Geistlicher des Christentums + nicht jung + kleinere Siedlung ZH Mönchaltdorf
15%
vom Gehör wahrgenommene Geräusche + (umgangsspr.) ehemalige/r Lebenspartner/in + --- GE Thonex
15%
Fluss, welcher Elsas und Lothringen durchfliesst + weiss gefiederter Schwimmvogel mit langem Hals + --- SG Sargans
9%
Gebetsstätte einer Religion + Einheitensymbol für "Sekunde" + --- GR Klosters
8%
in einem gutem körperlichen / seelischen Zustand sein + Abkürzung für "europäische Norm" + --- AG Wohlen
5%
Keine übereinstimmenden Quizze gefunden
Verteilung der Resultate
Anzahl Personen mit jedem Resultat
Perzentil nach korrekt beantworteten Fragen
Ihre Resultats-Entwicklung
Sie haben dieses Quiz noch nicht gespielt